000 00880nam a22002897a 4500
001 7871
003 FISKH
005 20250812141645.0
008 250812b cb ||||| |||| 00| 0 eng d
020 _a9780545565325
040 _aFISKH
_beng
_cFISKH
_dFISKH
050 _aTL799.M3 L44
082 _a629.4553
100 _aLee, Pascal
245 _aMission :
_bMars /
_cPascal Lee
250 _aThis edition first published in 2013
260 _aNew York :
_bScholastic,
_c2013
300 _a46 pages :
_bcolor illustrations ;
_c26 cm
505 _aR
520 _aA look at how to start preparing now if you would like to be part of the first astronaut crew the U.S. sends to Mars around 2035.
521 8 _a760
_bLexile
521 8 _aR
_bRaz-Plus
650 _2Science
_aSpace
650 _2Engineering
_aInformational
942 _2ddc
_cBK
_n0
999 _c7871
_d7871